000 00845na a2200265 4500
001 19967
003 MIRAKIL
005 20181213154818.0
008 161229b tu 000 0
020 _a9077814043
040 _aMilas
_btur
_cTR-AnCHP
041 _atur
082 _a327.56104
_bK91 2006
090 _a327.56104 K91 2006
100 _aKüçükcan, Talip
245 _aAvrupa'daki Türklerin Türkkiye-Avrupa Birliği
_cTalip Küçükcan, Veyis Güngör, Hüseyin Kocabıyık
260 _aAmsterdam
_bTürkevi Araştırmalar Merkezi
_c2006
300 _a116 s.
_btbl.
_c22 sm.
650 _aUluslararası ilişkiler
_zTürkiye
650 _aUluslararası ilişkiler
_zAvrupa Birliği
650 _aAvrupa ve Türkler
_xAvrupa Birliği
700 _aKocabıyık, Hüseyin
700 _aGüngör, Veyis
942 _2dcc
_cBKS
999 _c1302
_d1302